The changing Middle East : (Record no. 17157)
[ view plain ]
| 000 -LEADER | |
|---|---|
| fixed length control field | 02095cam a2200337 i 4500 |
| 001 - CONTROL NUMBER | |
| control field | 17219660 |
| 003 - CONTROL NUMBER IDENTIFIER | |
| control field | EG-ScBUE |
| 005 - DATE AND TIME OF LATEST TRANSACTION | |
| control field | 20240530090722.0 |
| 008 - FIXED-LENGTH DATA ELEMENTS--GENERAL INFORMATION | |
| fixed length control field | 120320s2011 ua f b f001 0 eng d |
| 020 ## - INTERNATIONAL STANDARD BOOK NUMBER | |
| International Standard Book Number | 9789774165139 |
| 040 ## - CATALOGING SOURCE | |
| Original cataloging agency | EG-ScBUE |
| Language of cataloging | eng |
| Description conventions | rda |
| Transcribing agency | EG-ScBUE |
| Modifying agency | EG-ScBUE |
| 082 04 - DEWEY DECIMAL CLASSIFICATION NUMBER | |
| Classification number | 956.054 |
| Edition number | 22 |
| Item number | CHA |
| 245 04 - TITLE STATEMENT | |
| Title | The changing Middle East : |
| Remainder of title | a new look at regional dynamics / |
| Statement of responsibility, etc | edited by Bahgat Korany. |
| 250 ## - EDITION STATEMENT | |
| Edition statement | AUC Forum for International Affairs edition. |
| 250 ## - EDITION STATEMENT | |
| Edition statement | Tahrir studies edition. |
| 264 #1 - PUBLICATION, DISTRIBUTION, ETC. (IMPRINT) | |
| Place of publication, distribution, etc | Cairo ; |
| -- | New York : |
| Name of publisher, distributor, etc | American University in Cairo Press, |
| Date of publication, distribution, etc | 2011. |
| 300 ## - PHYSICAL DESCRIPTION | |
| Extent | xiv, 282 pages ; |
| Dimensions | 23 cm |
| 336 ## - CONTENT TYPE | |
| Source | rdacontent |
| Content type term | text |
| Content type code | txt |
| 337 ## - MEDIA TYPE | |
| Media type term | unmediated |
| Source | rdamedia |
| Media type code | n |
| 338 ## - CARRIER TYPE | |
| Carrier type term | volume |
| Carrier type code | nc |
| Source | rdacarrier |
| 500 ## - GENERAL NOTE | |
| General note | Reprint with new preface. Originally published in 2010. |
| 504 ## - BIBLIOGRAPHY, ETC. NOTE | |
| Bibliography, etc | Includes bibliographical references and index.<br/> |
| 505 0# - FORMATTED CONTENTS NOTE | |
| Formatted contents note | Looking at the Middle East differently : an alternative conceptual lens / Bahgat Korany -- An attempt to evaluate the development of Arab civil society / Amani Kandil -- Arab media over the past twenty years : opportunities and challenges / Rasha A. Abdulla -- On the margins of defeat : a sociology of Arab intellectuals under authoritarianism / Hazem Kandil -- Women's empowerment hammers patriarchy : how big is the dent? / Ola AbouZeid -- Continuity and change in Islamist political thought and behavior : the transformations of armed Islamist movements in Egypt and Algeria / Omar Ashour -- Nonstate actors : a comparative analysis of change and development within Hamas and Hezbollah / Julie C. Herrick -- The challenge of change and the necessity of social engineering / Bahgat Korany -- Appendix : Data and comments on Middle East transformations : 1989-2009. |
| 650 ## - SUBJECT ADDED ENTRY--TOPICAL TERM | |
| Source of heading or term | BUEsh |
| 651 #7 - SUBJECT ADDED ENTRY--GEOGRAPHIC NAME | |
| Geographic name | Middle East |
| General subdivision | Politics and government |
| Chronological subdivision | 21st century. |
| 9 (RLIN) | 32064 |
| Source of heading or term | BUEsh |
| 651 #7 - SUBJECT ADDED ENTRY--GEOGRAPHIC NAME | |
| Geographic name | Middle East |
| General subdivision | Social conditions |
| Chronological subdivision | 21st century. |
| 9 (RLIN) | 22774 |
| Source of heading or term | BUEsh |
| 653 ## - INDEX TERM--UNCONTROLLED | |
| Resource For college | BAEPS, Political Science |
| Arrived date list | January2013 |
| -- | October2017 |
| 655 ## - INDEX TERM--GENRE/FORM | |
| Form subdivision | Text book |
| 9 (RLIN) | 33728 |
| 700 1# - ADDED ENTRY--PERSONAL NAME | |
| Personal name | Korany, Bahgat, |
| 9 (RLIN) | 32065 |
| Relator term | editor. |
| 942 ## - ADDED ENTRY ELEMENTS (KOHA) | |
| Source of classification or shelving scheme | Dewey Decimal Classification |
| Koha item type | Book - Borrowing |
| Withdrawn status | Lost status | Source of classification or shelving scheme | Damaged status | Not for loan | Collection code | Home library | Current library | Shelving location | Date acquired | Source of acquisition | Cost, normal purchase price | Serial Enumeration / chronology | Total Checkouts | Total Renewals | Full call number | Barcode | Date last seen | Date checked out | Koha item type | Price effective from |
|---|---|---|---|---|---|---|---|---|---|---|---|---|---|---|---|---|---|---|---|---|
| Dewey Decimal Classification | AUC | Central Library | Central Library | Second Floor | 29/01/2013 | Purchase | 95.00 | 1 | 5 | 5 | 956.054 CHA | 000027915 | 15/07/2025 | 14/10/2019 | Book - Borrowing | |||||
| Dewey Decimal Classification | Baccah | Central Library | Central Library | Second Floor | 10/10/2017 | Purchase | 160.00 | 1 | 3 | 956.054 CHA | 000042096 | 15/07/2025 | 18/09/2018 | Book - Borrowing | ||||||
| Dewey Decimal Classification | Baccah | Central Library | Central Library | Second Floor | 10/10/2017 | Purchase | 1 | 956.054 CHA | 000042097 | 15/07/2025 | 14/10/2019 | Book - Borrowing | 10/10/2017 | |||||||
| Dewey Decimal Classification | Baccah | Central Library | Central Library | Second Floor | 10/10/2017 | Purchase | 956.054 CHA | 000042098 | 15/07/2025 | NB - Book (Non borrowing) | 10/10/2017 | |||||||||
| Dewey Decimal Classification | Baccah | Central Library | Central Library | Second Floor | 10/10/2017 | Purchase | 956.054 CHA | 000042099 | 15/07/2025 | NB - Book (Non borrowing) | 10/10/2017 |